أم القرى : (Record no. 122260)

MARC details
000 -الفاتح
عناصر البيانات ثابتة الطول 00689cam a2200193 i 4500
005 - تاريخ ووقت آخر معاملة
حقل ضبط 20251120093537.0
008 - عناصر البيانات ثابتة الطول
عناصر البيانات ثابتة الطول 250721s2008 sy gr 000 0 ara d
082 14 - رقم تصنيف ديوي العشري
رقم التصنيف 218.723
رقم المادة ك و ا
100 1# - مدخل رئيسي – اسم شخصي
الاسم الشخصي الكواكبي، عبد الرحمن
علاقة الشخص بالعمل/ دوره مؤلف.
245 10 - بيان العنوان
العنوان أم القرى :
بقية العنوان مؤتمر النهضة الإسلامية الأول /
250 ## - بيان الطبعة
بيان الطبعة الطبعة الأولى.
264 31 - بيانات النشر، التوزيع…إلخ
مكان النشر، التوزيع...إلخ دمشق :
اسم الناشر، الموزع...إلخ دار صفحات للدراسات والنشر،
تاريخ النشر، التوزيع...إلخ 2008.
300 ## - الوصف المادي
عدد الوحدات المكونة للوعاء 230 صفحة.
650 17 - مدخل إضافي بالموضوع - مصطلح موضوعي
مصطلح موضوعي أو اسم جغرافي كعنصر مدخل الاصلاح الديني.
650 17 - مدخل إضافي بالموضوع - مصطلح موضوعي
مصطلح موضوعي أو اسم جغرافي كعنصر مدخل القومية العربية.
700 1# - مدخل إضافي - اسم شخصي
الاسم الشخصي طحان، محمد
علاقة الشخص بالعمل/ دوره محقق.
942 ## - بيانات إضافية (كوها)
نوع التنصيف Dewey Decimal Classification
نوع المادة (كوها) Books
Holdings
حالة السحب حالة الفقدان مصدر التصنيف حالة التلف غير قابل للإعارة المكتبة الرئيسية المكتبة الحالية موقع الرف تاريخ التزويد الرقم المتسلسل Total Checkouts رقم الإستدعاء الباركود تاريخ آخر ظهور تاريخ الفاتورة نوع المادة (كوها) العملة
Withdrawn   Dewey Decimal Classification     المكتبة المركزية المكتبة المركزية الإعارة 28/07/2025 1457699   218.723/كوا PLD00165740 28/07/2025 28/07/2025 Books  
    Dewey Decimal Classification     المكتبة المركزية المكتبة المركزية   20/11/2025 586574   218.723 ك و ا PLD00586574 20/11/2025 20/11/2025 Books JOD
    Dewey Decimal Classification     مكتبة صويلح العامة مكتبة صويلح العامة الإعارة 28/12/2015 [58579   218.723/كوا PLD00368156 28/07/2025 28/12/2015 Books  
Implemented & Customized by: BBB with SCIT (Smart Chains for Information Technology)

Powered by Koha